000 00428nam a2200205Ia 4500
001 14345
003 GE_BSU
008 181216s||||||||xx |||||||||||||| ||und||
020 _a0141311282
040 _cGE_BSU
080 _a82-93
100 _aDahl,Roald
245 _aFantastic Mr.fox
260 _aLondon
260 _bPuffin books
260 _c1996
300 _a82p.20cm.
653 _aFantastic Mr.fox
942 _cBK
999 _c47481
_d47481